[Event "RSA-ch U16"]
[Site "Bloemfontein"]
[Date "2016.03.20"]
[Round "1"]
[White "Khumalo, Keith"]
[Black "Gopaulsingh, Shivar"]
[Result "1/2-1/2"]
[WhiteElo "1552"]
[BlackElo "1764"]
[PlyCount "31"]
[EventDate "2016.03.20"]
[EventType "swiss"]
[EventRounds "11"]
[EventCountry "RSA"]
[SourceTitle "CBM 171 Extra"]
[Source "ChessBase"]
[SourceDate "2016.04.26"]
[SourceVersion "1"]
[SourceVersionDate "2016.04.26"]
[SourceQuality "1"]

1. Nf3 Nf6 2. g3 c5 3. Bg2 Nc6 4. d4 d5 5. 0-0 cxd4 6. Nxd4 e5 7. Nxc6 bxc6 8. c4 Be7 9. Nc3 Bb7 10. cxd5 Nxd5 11. Nxd5 cxd5 12. Qb3 Qd7 13. Rd1 Rd8 14. Bd2 Bc6 15. Ba5 Ba4 16. Qxd5 1/2-1/2

[Event "RSA-ch U16"]
[Site "Waterkloof"]
[Date "2015.04.08"]
[Round "8"]
[White "Moodley, Tarendra"]
[Black "Gopaulsingh, Shivar"]
[Result "0-1"]
[WhiteElo "1432"]
[BlackElo "1870"]
[PlyCount "120"]
[EventDate "2015.04.04"]
[EventType "swiss"]
[EventRounds "9"]
[EventCountry "RSA"]
[SourceTitle "CBM 166 Extra"]
[Source "ChessBase"]
[SourceDate "2015.06.18"]
[SourceVersion "1"]
[SourceVersionDate "2015.06.18"]
[SourceQuality "1"]

1. e4 e5 2. Nf3 Nc6 3. Bb5 a6 4. Ba4 Nf6 5. 0-0 Be7 6. Re1 b5 7. Bb3 d6 8. c3 Na5 9. Bc2 Bg4 10. h3 Bh5 11. d3 0-0 12. Nbd2 c5 13. Nf1 Nc6 14. Ng3 Bg6 15. Nh4 Qd7 16. Nhf5 Bd8 17. Bd2 Bc7 18. a4 b4 19. c4 Rfe8 20. b3 Kf8 21. Qc1 Ng8 22. Be3 Nge7 23. Nh4 Bd8 24. Bd1 Ng8 25. Bg4 Qc7 26. Nxg6+ hxg6 27. Ne2 Nf6 28. Bf3 Rc8 29. g3 Qd7 30. Bg2 Ke7 31. f4 Rh8 32. Kf2 Bb6 33. Rh1 Ne8 34. Qb2 f6 35. Rad1 Nc7 36. Rdf1 Rcf8 37. Ke1 Ne6 38. Kd1 g5 39. f5 Ned8 40. Bd2 Nf7 41. Rh2 Nh6 42. Rfh1 Rh7 43. Bf3 Qb7 44. Be1 Nd8 45. Bd2 Nxf5 46. Bg4 Nh6 47. Bf3 Nc6 48. Bg2 Rfh8 49. Bf3 Nf7 50. Bg4 Nh6 51. Bf3 Qc8 52. Bg2 Ng4 53. hxg4 Rxh2 54. Rxh2 Rxh2 55. Bf3 Qh8 56. Kc2 Rf2 57. Ng1 Qh2 58. Qc1 Nd4+ 59. Kb1 Rxd2 60. Ne2 Nxf3 0-1

[Event "RSA-ch U16"]
[Site "Waterkloof"]
[Date "2015.04.07"]
[Round "5"]
[White "Marais, Franco"]
[Black "Gopaulsingh, Shivar"]
[Result "0-1"]
[WhiteElo "1782"]
[BlackElo "1870"]
[PlyCount "52"]
[EventDate "2015.04.04"]
[EventType "swiss"]
[EventRounds "9"]
[EventCountry "RSA"]
[SourceTitle "CBM 166 Extra"]
[Source "ChessBase"]
[SourceDate "2015.06.18"]
[SourceVersion "1"]
[SourceVersionDate "2015.06.18"]
[SourceQuality "1"]

1. d4 Nf6 2. c4 e6 3. Nf3 d5 4. Nc3 Bb4 5. Bg5 c6 6. Bxf6 Qxf6 7. cxd5 exd5 8. e3 0-0 9. Be2 Re8 10. Qa4 Qe7 11. 0-0 Nd7 12. a3 Bd6 13. b4 Nf6 14. b5 Ne4 15. Rfc1 Nxc3 16. Rxc3 c5 17. dxc5 Bxc5 18. Bd3 b6 19. Nd4 Qe5 20. Rac1 Bd7 21. Nf3 Qe7 22. Qb3 Rad8 23. a4 Bg4 24. Nd4 Bd7 25. Bf5 Bxd4 26. Bxd7 Rxd7 0-1